[Event "DVM U12 2003"]
[Site "Verden/Aller GER"]
[Date "2003.12.29"]
[Round "6"]
[White "Borgmeyer, Max"]
[Black "Biller, Nikklas"]
[Result "1-0"]
[Termination "normal"]
[Board "10.1"]
[WhiteElo "1678"]
[BlackElo "1248"]
[WhiteTeam "Königsspringer Hamburg"]
[BlackTeam "Wilhelmshavener SF"]
[PlyCount "75"]
[WhiteFideId "24615870"]
[EventCountry "GER"]
[EventRounds "7"]
[EventType "team-swiss"]
[EventDate "2003.12.26"]

1. e4 d5 2. exd5 Qxd5 3. Nc3 Qa5 4. d4 Nf6 5. Nf3 Bg4 6. Be2 Nc6 7. O-O O-O-O
8. Be3 e5 9. Bd2 exd4 10. Ne4 Qb6 11. Nxf6 gxf6 12. Qc1 Bc5 13. Bf4 Rhe8 14.
Qd1 Re7 15. h3 Bh5 16. g4 Bg6 17. Bc4 Rde8 18. Qd2 Qb4 19. Qxb4 Bxb4 20. a3 Bc5
21. Rac1 Be4 22. Nd2 Bg6 23. Bg3 f5 24. Bh4 Rd7 25. Rfe1 Rxe1+ 26. Rxe1 Be7 27.
Bg3 Bf6 28. Kg2 fxg4 29. hxg4 Re7 30. Rc1 Bg5 31. f4 Be4+ 32. Nxe4 Rxe4 33.
fxg5 Rxg4 34. Bxf7 Rxg5 35. Kh3 Rg7 36. Be6+ Kd8 37. Bh4+ Ke8 38. Bg4 1-0

[Event "DVM U12 2003"]
[Site "Verden/Aller GER"]
[Date "2003.12.29"]
[Round "6"]
[White "Kallusky, Nicolas"]
[Black "Langmann, Markus"]
[Result "1-0"]
[Termination "normal"]
[Board "10.2"]
[WhiteElo "837"]
[BlackElo "1270"]
[WhiteTeam "Wilhelmshavener SF"]
[BlackTeam "Königsspringer Hamburg"]
[PlyCount "43"]
[BlackFideId "24651281"]
[EventCountry "GER"]
[EventRounds "7"]
[EventType "team-swiss"]
[EventDate "2003.12.26"]

1. e4 e5 2. Nf3 Nc6 3. Bc4 Be7 4. Nc3 d6 5. d4 Bg4 6. h3 Bh5 7. d5 Nd4 8. g4
Nxf3+ 9. Qxf3 Bg6 10. Bb5+ Kf8 11. Be3 Nf6 12. O-O-O Nd7 13. h4 a6 14. h5 axb5
15. hxg6 Nf6 16. Kb1 b4 17. Ne2 Qe8 18. g5 b3 19. gxf6 bxa2+ 20. Ka1 Bxf6 21.
Rxh7 Rxh7 22. gxh7 1-0

[Event "DVM U12 2003"]
[Site "Verden/Aller GER"]
[Date "2003.12.30"]
[Round "7"]
[White "Huschenbeth, Niclas"]
[Black "Seyb, Alexander"]
[Result "1/2-1/2"]
[Termination "normal"]
[Board "1.1"]
[WhiteElo "1891"]
[BlackElo "1841"]
[WhiteTeam "SK Johanneum Eppendorf"]
[BlackTeam "FSV Großenseebach"]
[PlyCount "110"]
[WhiteFideId "24604747"]
[BlackFideId "4699033"]
[EventCountry "GER"]
[EventRounds "7"]
[EventType "team-swiss"]
[EventDate "2003.12.26"]

1. e4 g6 2. d4 Bg7 3. Nf3 d6 4. Bc4 Nf6 5. Qe2 O-O 6. h3 c6 7. e5 dxe5 8. dxe5
Nd5 9. O-O Qc7 10. Bxd5 cxd5 11. Nc3 Be6 12. Nb5 Qd7 13. Nbd4 Nc6 14. Nxe6 Qxe6
15. Re1 a6 16. Bf4 h6 17. Rad1 Rfd8 18. Nd4 Nxd4 19. Rxd4 Rd7 20. Qd2 g5 21.
Bh2 b5 22. Qd1 Rc8 23. c3 Rc5 24. h4 Qg6 25. hxg5 hxg5 26. Rg4 f5 27. exf6 exf6
28. f4 Rc4 29. fxg5 fxg5 30. Rxc4 bxc4 31. Qg4 Rf7 32. Be5 Bxe5 33. Rxe5 Qb6+
34. Qd4 Qxd4+ 35. cxd4 Rb7 36. Rxg5+ Kf7 37. Rf5+ Kg6 38. Rf2 Re7 39. Rd2 Kf5
40. Kf2 Rf7 41. Ke3 Re7+ 42. Kf3 Re4 43. b3 cxb3 44. axb3 Kg5 45. Kf2 Kf4 46.
Ra2 Rxd4 47. Rxa6 Rd2+ 48. Kf1 Rb2 49. Rf6+ Ke4 50. Rf3 d4 51. Rh3 d3 52. Ke1
Rxg2 53. Rh8 Kd4 54. Rd8+ Kc3 55. Rc8+ Kxb3 1/2-1/2

[Event "DVM U12 2003"]
[Site "Verden/Aller GER"]
[Date "2003.12.30"]
[Round "7"]
[White "Kirch, Florian"]
[Black "Moshtael, Wesal"]
[Result "0-1"]
[Termination "normal"]
[Board "1.2"]
[WhiteElo "1604"]
[BlackElo "1637"]
[WhiteTeam "FSV Großenseebach"]
[BlackTeam "SK Johanneum Eppendorf"]
[PlyCount "70"]
[WhiteFideId "24605794"]
[BlackFideId "24618551"]
[EventCountry "GER"]
[EventRounds "7"]
[EventType "team-swiss"]
[EventDate "2003.12.26"]

1. d4 Nf6 2. c4 c5 3. d5 b5 4. a4 bxc4 5. Nc3 g6 6. Nf3 Bg7 7. e4 d6 8. Nd2 O-O
9. Nxc4 Nbd7 10. f4 Ba6 11. Qc2 Bxc4 12. Bxc4 Rb8 13. O-O Ne8 14. Nb5 Rb7 15.
Rb1 Nc7 16. Na3 Qa8 17. Be2 Nb8 18. Nc4 Nca6 19. Bd2 Nb4 20. Bxb4 Rxb4 21. Na5
e6 22. dxe6 fxe6 23. Bf3 Bd4+ 24. Kh1 Rxf4 25. e5 d5 26. Nb3 Nd7 27. Nc1 Nxe5
28. Ne2 Rf7 29. Nxd4 Rxd4 30. Qxc5 Nxf3 31. gxf3 Rdf4 32. Qe3 d4 33. Qxe6 Rxf3
34. Kg1 R3f5 35. Qc4 Rg5# 0-1

[Event "DVM U12 2003"]
[Site "Verden/Aller GER"]
[Date "2003.12.30"]
[Round "7"]
[White "Stellfeld, Tilman"]
[Black "Linsenmeyer, Mario"]
[Result "0-1"]
[Termination "normal"]
[Board "1.3"]
[WhiteElo "1180"]
[BlackElo "1489"]
[WhiteTeam "SK Johanneum Eppendorf"]
[BlackTeam "FSV Großenseebach"]
[PlyCount "46"]
[WhiteFideId "24651311"]
[BlackFideId "24635138"]
[EventCountry "GER"]
[EventRounds "7"]
[EventType "team-swiss"]
[EventDate "2003.12.26"]

1. d4 g6 2. e4 Bg7 3. c4 d6 4. Nc3 e5 5. d5 f5 6. f3 Nf6 7. Bd3 O-O 8. Nge2 Na6
9. Bg5 Nc5 10. b4 Nxd3+ 11. Qxd3 h6 12. Be3 Rf7 13. a4 Qf8 14. c5 fxe4 15. Nxe4
Nxe4 16. Qxe4 Bf5 17. Qc4 e4 18. Rd1 exf3 19. gxf3 Re8 20. Bf2 Bh3 21. Rd3 Rxf3
22. Rxf3 Qxf3 23. Rg1 Bc3+ 0-1

[Event "DVM U12 2003"]
[Site "Verden/Aller GER"]
[Date "2003.12.30"]
[Round "7"]
[White "Zelbel, Patrick"]
[Black "Heistermann, Till"]
[Result "0-1"]
[Termination "normal"]
[Board "2.1"]
[WhiteElo "1602"]
[BlackElo "1573"]
[WhiteTeam "SF Brackel 30"]
[BlackTeam "SC Leipzig-Gohlis"]
[PlyCount "104"]
[WhiteFideId "24624322"]
[EventCountry "GER"]
[EventRounds "7"]
[EventType "team-swiss"]
[EventDate "2003.12.26"]

1. e4 c5 2. c3 d5 3. exd5 Qxd5 4. d4 Nf6 5. Nf3 Bg4 6. Be2 e6 7. O-O Nc6 8. Be3
cxd4 9. Nxd4 Bxe2 10. Nxe2 Qxd1 11. Rxd1 Be7 12. Nd2 O-O-O 13. Nf3 Nd5 14. Bg5
h6 15. Bxe7 Ndxe7 16. Ned4 Nxd4 17. Nxd4 a6 18. Nf3 Nc6 19. Kf1 Kc7 20. Ke2 Kb6
21. Rxd8 Rxd8 22. Rd1 Rxd1 23. Kxd1 Kc5 24. Kc2 Kd5 25. Kd3 Ne5+ 26. Nxe5 Kxe5
27. b4 b6 28. c4 f6 29. a4 g6 30. Ke3 Kd6 31. h3 Kc6 32. Kd2 e5 33. f3 f5 34.
Kc3 h5 35. g3 g5 36. h4 gxh4 37. gxh4 a5 38. c5 axb4+ 39. Kxb4 bxc5+ 40. Kc4 e4
41. fxe4 fxe4 42. a5 Kb7 43. Kc3 Ka6 44. Kd2 Kxa5 45. Ke3 Kb4 46. Kxe4 c4 47.
Kf5 c3 48. Kg5 c2 49. Kxh5 c1=Q 50. Kg6 Qc8 51. h5 Qh8 52. h6 Kc5 0-1

[Event "DVM U12 2003"]
[Site "Verden/Aller GER"]
[Date "2003.12.30"]
[Round "7"]
[White "Doberitz, Paul"]
[Black "Zeldin, Leonid"]
[Result "0-1"]
[Termination "normal"]
[Board "2.2"]
[WhiteElo "1560"]
[BlackElo "1584"]
[WhiteTeam "SC Leipzig-Gohlis"]
[BlackTeam "SF Brackel 30"]
[PlyCount "52"]
[WhiteFideId "24646130"]
[BlackFideId "24636088"]
[EventCountry "GER"]
[EventRounds "7"]
[EventType "team-swiss"]
[EventDate "2003.12.26"]

1. e4 c5 2. Nf3 d6 3. d4 cxd4 4. Nxd4 Nf6 5. Nc3 g6 6. Be3 Bg7 7. f3 O-O 8. Bc4
Nc6 9. Qd2 Bd7 10. O-O-O Rc8 11. Bb3 Nxd4 12. Bxd4 b5 13. Kb1 a5 14. Nd5 Nxd5
15. Bxg7 Kxg7 16. Bxd5 e6 17. Bb3 a4 18. Qxd6 axb3 19. cxb3 Bc6 20. Qg3 Qa5 21.
a3 b4 22. a4 Ra8 23. Kc1 Bxa4 24. bxa4 Qxa4 25. Kd2 Rfd8+ 26. Ke2 Qc2+ 0-1

[Event "DVM U12 2003"]
[Site "Verden/Aller GER"]
[Date "2003.12.30"]
[Round "7"]
[White "Kartsev, Alexandr"]
[Black "Wang, Zhangxian"]
[Result "0-1"]
[Termination "normal"]
[Board "2.3"]
[WhiteElo "1383"]
[BlackElo "1390"]
[WhiteTeam "SF Brackel 30"]
[BlackTeam "SC Leipzig-Gohlis"]
[PlyCount "56"]
[WhiteFideId "24647110"]
[EventCountry "GER"]
[EventRounds "7"]
[EventType "team-swiss"]
[EventDate "2003.12.26"]

1. e4 c6 2. d4 d5 3. exd5 cxd5 4. c4 Nf6 5. Nf3 g6 6. Nc3 Bg7 7. Be2 O-O 8. O-O
Bg4 9. Qb3 dxc4 10. Qxb7 Nbd7 11. h3 Bxf3 12. Qxf3 Nb6 13. Be3 Rb8 14. Rab1 Qd7
15. Rfd1 e6 16. Ne4 Nxe4 17. Qxe4 Qd5 18. Bf3 Qxe4 19. Bxe4 Na4 20. Rd2 c3 21.
bxc3 Nxc3 22. Rxb8 Rxb8 23. Bd3 Nd5 24. Bf4 Nxf4 25. Bc4 Rb4 26. Bb3 Rxd4 27.
Rc2 Rd8 28. Rc7 Bd4 0-1

[Event "DVM U12 2003"]
[Site "Verden/Aller GER"]
[Date "2003.12.30"]
[Round "7"]
[White "Hasenclever, Leonard"]
[Black "Blokisch, Till"]
[Result "1-0"]
[Termination "normal"]
[Board "2.4"]
[WhiteElo "1222"]
[BlackElo "1259"]
[WhiteTeam "SC Leipzig-Gohlis"]
[BlackTeam "SF Brackel 30"]
[PlyCount "49"]
[BlackFideId "16209931"]
[EventCountry "GER"]
[EventRounds "7"]
[EventType "team-swiss"]
[EventDate "2003.12.26"]

1. e4 e5 2. Nf3 Nc6 3. d4 exd4 4. Bc4 Nf6 5. O-O Nxe4 6. Re1 d5 7. Bxd5 Qxd5 8.
Nc3 Qf5 9. Nxe4 Be6 10. Nxd4 Qd5 11. Nxe6 Qxd1 12. Nxc7+ Kd7 13. Rxd1+ Kxc7 14.
Bf4+ Kb6 15. Rd7 f5 16. Be3+ Ka6 17. Nc3 Nb4 18. Nd5 Nxd5 19. Rxd5 g6 20. Rad1
Rc8 21. R1d4 b5 22. Rd7 Bc5 23. R4d6+ Bb6 24. c3 h6 25. h3 1-0

[Event "DVM U12 2003"]
[Site "Verden/Aller GER"]
[Date "2003.12.30"]
[Round "7"]
[White "Bohatschek, Daniel"]
[Black "Gadschisade, Machmud"]
[Result "1/2-1/2"]
[Termination "normal"]
[Board "3.1"]
[WhiteElo "1231"]
[BlackElo "1496"]
[WhiteTeam "ZSG GW Waltershausen"]
[BlackTeam "SG Porz"]
[PlyCount "52"]
[WhiteFideId "4647629"]
[BlackFideId "4647734"]
[EventCountry "GER"]
[EventRounds "7"]
[EventType "team-swiss"]
[EventDate "2003.12.26"]

1. e4 c6 2. d4 d5 3. exd5 cxd5 4. Nf3 Nf6 5. Bd3 Bg4 6. Bf4 e6 7. Nbd2 Bd6 8.
Bxd6 Qxd6 9. O-O O-O 10. c3 Qb6 11. Qc2 Nc6 12. h3 Bh5 13. Rac1 Rac8 14. Qb3
Qxb3 15. axb3 a6 16. b4 Rfd8 17. Rfe1 Nd7 18. b5 axb5 19. Bxb5 Ra8 20. Ra1 Bg6
21. Kh2 Kf8 22. h4 h5 23. g3 Nf6 24. Bxc6 Ng4+ 25. Kg2 bxc6 26. b4 Rdb8 1/2-1/2

[Event "DVM U12 2003"]
[Site "Verden/Aller GER"]
[Date "2003.12.30"]
[Round "7"]
[White "Schmidt, Lukas"]
[Black "Wittig, Till"]
[Result "0-1"]
[Termination "normal"]
[Board "3.3"]
[WhiteElo "901"]
[BlackElo "1176"]
[WhiteTeam "ZSG GW Waltershausen"]
[BlackTeam "SG Porz"]
[PlyCount "72"]
[BlackFideId "12944998"]
[EventCountry "GER"]
[EventRounds "7"]
[EventType "team-swiss"]
[EventDate "2003.12.26"]

1. e4 c6 2. Nf3 d5 3. exd5 cxd5 4. d4 Nf6 5. Bd3 Nc6 6. O-O Bg4 7. h3 Bh5 8. c3
e6 9. Bf4 Bd6 10. Bxd6 Qxd6 11. Nbd2 O-O 12. Re1 Rfe8 13. Qc2 Rac8 14. Re3 h6
15. Rae1 a6 16. g4 Bxg4 17. hxg4 Nxg4 18. R3e2 Nxd4 19. Qd1 Nxe2+ 20. Qxe2 Qb6
21. Rb1 g6 22. Ne5 Nxe5 23. Qxe5 Red8 24. Kh1 Re8 25. Rg1 Qxf2 26. Bxg6 Qh4+
27. Qh2 Qxh2+ 28. Kxh2 fxg6 29. Rxg6+ Kh7 30. Rg3 Rf8 31. Nf3 Rc4 32. Ne5 Re4
33. Nd7 Rf7 34. Nc5 Re2+ 35. Rg2 Rxg2+ 36. Kxg2 e5 0-1

[Event "DVM U12 2003"]
[Site "Verden/Aller GER"]
[Date "2003.12.30"]
[Round "7"]
[White "Fuchs, Raimond"]
[Black "Hobusch, Alexander"]
[Result "1/2-1/2"]
[Termination "normal"]
[Board "4.1"]
[WhiteElo "1282"]
[BlackElo "1771"]
[WhiteTeam "USV Potsdam"]
[BlackTeam "SG Bochum 1931"]
[PlyCount "91"]
[BlackFideId "24611387"]
[EventCountry "GER"]
[EventRounds "7"]
[EventType "team-swiss"]
[EventDate "2003.12.26"]

1. f4 d5 2. d4 Nf6 3. Nf3 g6 4. e3 Bf5 5. Bd3 Ne4 6. Nbd2 Bg7 7. Qe2 Nd7 8. c4
Nxd2 9. Bxd2 Bxd3 10. Qxd3 Nf6 11. Rc1 c6 12. O-O e6 13. Qb3 Qb6 14. Bb4 Ne4
15. Nd2 Nxd2 16. Bxd2 Qxb3 17. axb3 Bf8 18. c5 Kd7 19. b4 a6 20. Be1 Be7 21. g4
f5 22. g5 Rag8 23. Bg3 Ke8 24. Kg2 Kf7 25. Rh1 h6 26. h4 Ra8 27. Ra1 Bd8 28.
Rhb1 Bc7 29. b3 Rh7 30. Rh1 Rah8 31. Bf2 hxg5 32. hxg5 Rxh1 33. Rxh1 Rxh1 34.
Kxh1 a5 35. Be1 axb4 36. Bxb4 Ke7 37. Kg2 Kd8 38. Bc3 Kc8 39. Kf2 Kb8 40. Ke2
Ka7 41. Kd3 Ka6 42. b4 Kb5 43. Bd2 Ka4 44. Kc3 b6 45. Kb2 bxc5 46. bxc5 1/2-1/2

[Event "DVM U12 2003"]
[Site "Verden/Aller GER"]
[Date "2003.12.30"]
[Round "7"]
[White "Mazarov, Jürgen"]
[Black "Friedrich, Wiede"]
[Result "1-0"]
[Termination "normal"]
[Board "4.2"]
[WhiteElo "1728"]
[BlackElo "1462"]
[WhiteTeam "SG Bochum 1931"]
[BlackTeam "USV Potsdam"]
[PlyCount "95"]
[WhiteFideId "24617768"]
[BlackFideId "24629537"]
[EventCountry "GER"]
[EventRounds "7"]
[EventType "team-swiss"]
[EventDate "2003.12.26"]

1. e4 c6 2. d4 d5 3. Nc3 dxe4 4. Nxe4 Bf5 5. Ng3 Bg6 6. Nf3 Qc7 7. Bd3 Bxd3 8.
Qxd3 e6 9. O-O Nf6 10. b3 Be7 11. Bb2 Nbd7 12. a3 O-O 13. Rac1 Rad8 14. Rfd1
Nb6 15. Qe2 c5 16. c4 cxd4 17. Nxd4 Rc8 18. Nb5 Qb8 19. Be5 Qa8 20. Nc7 Rxc7
21. Bxc7 Bxa3 22. Ra1 Bc5 23. b4 Bxb4 24. Bxb6 a6 25. Ba5 Bxa5 26. Rxa5 Qc8 27.
Ne4 Nxe4 28. Qxe4 Qc7 29. Raa1 Ra8 30. h3 g6 31. Rdb1 Rb8 32. Ra2 Kf8 33. Rab2
b6 34. Qd4 Kg8 35. Rxb6 Rxb6 36. Qxb6 Qxc4 37. Ra1 Qc3 38. Qxa6 Qc2 39. Qa4 Qc3
40. Rd1 Qc7 41. Qd4 Qc6 42. Qf6 Qd5 43. Rxd5 exd5 44. Qd8+ Kg7 45. Qxd5 Kh6 46.
Qxf7 g5 47. Qf6+ Kh5 48. g4+ 1-0

[Event "DVM U12 2003"]
[Site "Verden/Aller GER"]
[Date "2003.12.30"]
[Round "7"]
[White "Peter, Tizian"]
[Black "Ryvkin, Leonid"]
[Result "0-1"]
[Termination "normal"]
[Board "4.3"]
[WhiteElo "1209"]
[BlackElo "1173"]
[WhiteTeam "USV Potsdam"]
[BlackTeam "SG Bochum 1931"]
[PlyCount "116"]
[EventCountry "GER"]
[EventRounds "7"]
[EventType "team-swiss"]
[EventDate "2003.12.26"]

1. e4 e5 2. Nf3 Nf6 3. Nc3 Bb4 4. d3 d5 5. Bd2 O-O 6. exd5 Nxd5 7. Nxd5 Bxd2+
8. Qxd2 Qxd5 9. Be2 Nc6 10. O-O Nd4 11. Nxd4 exd4 12. Rfe1 Bd7 13. Bf3 Qb5 14.
c3 dxc3 15. bxc3 c6 16. Re7 Rad8 17. Rae1 Rfe8 18. Rxe8+ Rxe8 19. Rxe8+ Bxe8
20. Qe1 Kf8 21. d4 Qf5 22. Qe4 Qxe4 23. Bxe4 g6 24. g4 Bd7 25. h3 Ke7 26. Kg2
Kd6 27. c4 b6 28. f4 f5 29. gxf5 gxf5 30. Bf3 c5 31. dxc5+ Kxc5 32. Bd5 b5 33.
Kf2 bxc4 34. Bg8 h6 35. Ke3 a5 36. Kd2 Kd4 37. h4 c3+ 38. Kc2 Ba4+ 39. Bb3
Bxb3+ 40. axb3 h5 41. Kc1 Kd3 42. Kd1 c2+ 43. Kc1 Kc3 44. b4 Kxb4 45. Kxc2 Kc4
46. Kb2 Kd4 47. Ka3 Ke4 48. Ka4 Kxf4 49. Kxa5 Ke3 50. Kb5 f4 51. Kc5 f3 52. Kd5
f2 53. Ke5 f1=Q 54. Ke6 Ke4 55. Ke7 Ke5 56. Ke8 Ke6 57. Kd8 Qf7 58. Kc8 Qd7+
0-1

[Event "DVM U12 2003"]
[Site "Verden/Aller GER"]
[Date "2003.12.30"]
[Round "7"]
[White "Rafiee, Makan"]
[Black "Vollmer, Jürgen"]
[Result "1/2-1/2"]
[Termination "normal"]
[Board "5.1"]
[WhiteElo "1647"]
[BlackElo "1460"]
[WhiteTeam "SK Baunatal"]
[BlackTeam "SC Rastatt"]
[PlyCount "45"]
[WhiteFideId "24609340"]
[EventCountry "GER"]
[EventRounds "7"]
[EventType "team-swiss"]
[EventDate "2003.12.26"]

1. e4 c6 2. d4 d5 3. Nc3 dxe4 4. Nxe4 Nd7 5. Ng5 Ngf6 6. Bd3 e6 7. N1f3 Bd6 8.
O-O O-O 9. c3 h6 10. Ne4 Nxe4 11. Bxe4 Nf6 12. Bc2 b6 13. Qe2 Bb7 14. Be3 Rc8
15. Bd3 c5 16. Ba6 Qc7 17. h3 Rfe8 18. Rad1 Rcd8 19. Bxb7 Qxb7 20. Rd2 Rd7 21.
Rfd1 Ne4 22. Rc2 Red8 23. dxc5 1/2-1/2

[Event "DVM U12 2003"]
[Site "Verden/Aller GER"]
[Date "2003.12.30"]
[Round "7"]
[White "Hietter, Marc-Aurel"]
[Black "Sergin, Mark"]
[Result "1/2-1/2"]
[Termination "normal"]
[Board "5.2"]
[WhiteElo "1198"]
[BlackElo "1485"]
[WhiteTeam "SC Rastatt"]
[BlackTeam "SK Baunatal"]
[PlyCount "45"]
[BlackFideId "24615307"]
[EventCountry "GER"]
[EventRounds "7"]
[EventType "team-swiss"]
[EventDate "2003.12.26"]

1. d4 Nf6 2. Nf3 g6 3. Bf4 Bg7 4. Nc3 O-O 5. e4 d6 6. Bc4 a6 7. O-O b5 8. Bb3
b4 9. Bd5 c6 10. Bxf7+ Rxf7 11. Ne2 Nxe4 12. Qd3 Bf5 13. Qe3 Nf6 14. Qb3 d5 15.
Qxb4 Bxc2 16. Ng5 Bd3 17. Rfe1 Nbd7 18. Nxf7 Kxf7 19. Qc3 Bxe2 20. Rxe2 Qb6 21.
Be5 Re8 22. Rc1 Rc8 23. b3 1/2-1/2

[Event "DVM U12 2003"]
[Site "Verden/Aller GER"]
[Date "2003.12.30"]
[Round "7"]
[White "Sharikow, Alexej"]
[Black "Kaupp, Dennis"]
[Result "1/2-1/2"]
[Termination "normal"]
[Board "5.3"]
[WhiteElo "1247"]
[BlackElo "1221"]
[WhiteTeam "SK Baunatal"]
[BlackTeam "SC Rastatt"]
[PlyCount "63"]
[EventCountry "GER"]
[EventRounds "7"]
[EventType "team-swiss"]
[EventDate "2003.12.26"]

1. d4 Nf6 2. c4 g6 3. Nc3 Bg7 4. Nf3 O-O 5. Bg5 d6 6. h3 Nbd7 7. e3 h6 8. Bh4
c5 9. Be2 Qb6 10. Rb1 Re8 11. O-O Qc7 12. a3 b6 13. b4 Bb7 14. Bg3 Bxf3 15.
Bxf3 Rac8 16. Nb5 Qb8 17. Qd3 a6 18. Nc3 cxd4 19. exd4 Qc7 20. c5 Nb8 21. Nd5
Nxd5 22. Bxd5 Rf8 23. Rfd1 Nc6 24. Bxc6 Qxc6 25. d5 Qc7 26. c6 b5 27. a4 Ra8
28. a5 h5 29. f3 f5 30. Qe3 Rab8 31. Re1 Bf6 32. Bf4 1/2-1/2

[Event "DVM U12 2003"]
[Site "Verden/Aller GER"]
[Date "2003.12.30"]
[Round "7"]
[White "Rohde, Dirk"]
[Black "Stochai, Christian"]
[Result "1/2-1/2"]
[Termination "normal"]
[Board "5.4"]
[WhiteElo "1096"]
[BlackElo "1120"]
[WhiteTeam "SC Rastatt"]
[BlackTeam "SK Baunatal"]
[PlyCount "57"]
[EventCountry "GER"]
[EventRounds "7"]
[EventType "team-swiss"]
[EventDate "2003.12.26"]

1. d4 d5 2. Nf3 e6 3. e3 Nf6 4. Bd3 Bd6 5. Nbd2 O-O 6. e4 dxe4 7. Nxe4 Bb4+ 8.
c3 Be7 9. O-O b6 10. Nxf6+ Bxf6 11. Be4 c6 12. Qc2 g6 13. Bh6 Bg7 14. Bxg7
Kxg7
15. Qd2 Bb7 16. Rad1 Nd7 17. Ne5 Nxe5 18. dxe5 Qxd2 19. Rxd2 Rad8 20. Rfd1
Rxd2
21. Rxd2 Rc8 22. f4 Rc7 23. g3 c5 24. Bxb7 Rxb7 25. Kf2 f6 26. exf6+ Kxf6 27.
Kf3 Re7 28. g4 e5 29. g5+ 1/2-1/2

[Event "DVM U12 2003"]
[Site "Verden/Aller GER"]
[Date "2003.12.30"]
[Round "7"]
[White "Schmitt, Philipp"]
[Black "Kordts, Florian"]
[Result "0-1"]
[Termination "normal"]
[Board "6.1"]
[WhiteElo "1446"]
[BlackElo "1400"]
[WhiteTeam "SF Bad Mergentheim"]
[BlackTeam "SC Postbauer-Heng"]
[PlyCount "146"]
[WhiteFideId "24641766"]
[BlackFideId "24626856"]
[EventCountry "GER"]
[EventRounds "7"]
[EventType "team-swiss"]
[EventDate "2003.12.26"]

1. e4 c5 2. Nc3 Nc6 3. f4 g6 4. Nf3 Bg7 5. Be2 e6 6. d3 d5 7. Bd2 Nge7 8. O-O
O-O 9. Kh1 b6 10. Qe1 Bb7 11. a3 Rc8 12. Bd1 Qd7 13. Qh4 dxe4 14. dxe4 f5 15.
e5 Nd4 16. Nxd4 cxd4 17. Ne2 Qd5 18. Qf2 Rfd8 19. Ng3 d3 20. Bf3 Qd7 21. cxd3
Bxf3 22. Qxf3 Qxd3 23. Qxd3 Rxd3 24. Bb4 Nd5 25. Bd6 Bh6 26. Rac1 Re8 27. Ne2
Rd2 28. Nc3 Nxf4 29. b4 Nd3 30. Rb1 Nf2+ 31. Kg1 Be3 32. Nb5 Rc2 33. Nc7 Rc8
34. Nxe6 Ne4+ 35. Kh1 Nd2 36. Nc7 Nxf1 37. Rxf1 R2xc7 38. Bxc7 Rxc7 39. Re1 Bd4
40. e6 Re7 41. h3 Kg7 42. Rd1 Bf6 43. Re1 g5 44. Kg1 h5 45. Kf2 Kg6 46. Kg3 Bg7
47. h4 Bh6 48. Kh3 Kf6 49. hxg5+ Bxg5 50. Rd1 Rxe6 51. Rd7 Re3+ 52. Kh2 Rxa3
53. g3 f4 54. gxf4 Bxf4+ 55. Kg2 h4 56. Rh7 h3+ 57. Kh1 h2 58. Rh8 Ra1+ 59. Kg2
h1=Q+ 60. Rxh1 Rxh1 61. Kxh1 a5 62. bxa5 bxa5 63. Kg2 a4 64. Kf2 a3 65. Kg2 a2
66. Kh3 Kg5 67. Kg2 a1=Q 68. Kf3 Qc3+ 69. Kf2 Qe3+ 70. Kg2 Kg4 71. Kf1 Qd2 72.
Kg1 Kg3 73. Kf1 Qf2# 0-1

[Event "DVM U12 2003"]
[Site "Verden/Aller GER"]
[Date "2003.12.30"]
[Round "7"]
[White "Riexinger, Martin"]
[Black "Pfleger, Jochen"]
[Result "1/2-1/2"]
[Termination "normal"]
[Board "6.2"]
[WhiteElo "1289"]
[BlackElo "1214"]
[WhiteTeam "SC Postbauer-Heng"]
[BlackTeam "SF Bad Mergentheim"]
[PlyCount "42"]
[WhiteFideId "24674320"]
[BlackFideId "24641634"]
[EventCountry "GER"]
[EventRounds "7"]
[EventType "team-swiss"]
[EventDate "2003.12.26"]

1. d4 d5 2. c4 dxc4 3. e4 e5 4. Nf3 Bg4 5. d5 Bb4+ 6. Bd2 Bxd2+ 7. Nbxd2 Nf6 8.
Qa4+ Qd7 9. Qb4 Bxf3 10. Nxf3 Na6 11. Qxb7 Qc8 12. Qxc8+ Rxc8 13. Bxc4 Nc5 14.
Bb5+ Ke7 15. Nxe5 Ncxe4 16. O-O Nd6 17. Ba4 Nxd5 18. Nc6+ Kf6 19. Nxa7 Ra8 20.
Bc6 Ne7 21. Bxa8 Rxa8 1/2-1/2

[Event "DVM U12 2003"]
[Site "Verden/Aller GER"]
[Date "2003.12.30"]
[Round "7"]
[White "Tses, Evangelos"]
[Black "Grimm, Pascal"]
[Result "0-1"]
[Termination "normal"]
[Board "6.3"]
[WhiteElo "1062"]
[BlackElo "1315"]
[WhiteTeam "SF Bad Mergentheim"]
[BlackTeam "SC Postbauer-Heng"]
[PlyCount "116"]
[BlackFideId "24620122"]
[EventCountry "GER"]
[EventRounds "7"]
[EventType "team-swiss"]
[EventDate "2003.12.26"]

1. e4 c5 2. d4 cxd4 3. Nf3 Nc6 4. c3 dxc3 5. Nxc3 g6 6. Bd3 Bg7 7. Bf4 d6 8.
O-O Nf6 9. Qd2 Nd7 10. Bh6 O-O 11. Rfd1 Nde5 12. Nxe5 Nxe5 13. Bxg7 Kxg7 14. f4
Qb6+ 15. Qf2 Qxf2+ 16. Kxf2 Nxd3+ 17. Rxd3 Be6 18. Nd5 Bxd5 19. Rxd5 Rfc8 20.
Rd2 Rc4 21. Re1 Rac8 22. Ree2 R8c7 23. g3 a5 24. b3 Rc3 25. Rb2 b5 26. Re3 Rc2+
27. Re2 R2c3 28. Re3 b4 29. Rxc3 Rxc3 30. Ke2 Kf6 31. Rd2 Ke6 32. Rd3 Rc2+ 33.
Rd2 Rxd2+ 34. Kxd2 f5 35. exf5+ gxf5 36. Kd3 Kd5 37. Ke3 e5 38. h3 e4 39. g4
Ke6 40. Kd4 fxg4 41. hxg4 d5 42. a4 bxa3 43. f5+ Kf6 44. Kxd5 e3 45. g5+ Kxf5
46. b4 axb4 47. g6 hxg6 48. Kd6 e2 49. Kc6 e1=Q 50. Kb5 Qe5+ 51. Ka4 a2 52. Kb3
Qc3+ 53. Ka4 a1=R+ 54. Kb5 Qe5+ 55. Kc4 Ra5 56. Kd3 Qc3+ 57. Ke2 Ra2+ 58. Kd1
Qa1# 0-1

[Event "DVM U12 2003"]
[Site "Verden/Aller GER"]
[Date "2003.12.30"]
[Round "7"]
[White "Gölz, Daniel"]
[Black "Schätz, Christopher"]
[Result "0-1"]
[Termination "normal"]
[Board "7.1"]
[WhiteElo "1643"]
[BlackElo "1438"]
[WhiteTeam "SK Feilbingert"]
[BlackTeam "USG Chemnitz"]
[PlyCount "68"]
[WhiteFideId "24626325"]
[BlackFideId "24623997"]
[EventCountry "GER"]
[EventRounds "7"]
[EventType "team-swiss"]
[EventDate "2003.12.26"]

1. e4 c5 2. Nf3 Nc6 3. d4 cxd4 4. Nxd4 d6 5. Nc3 g6 6. Be3 Nf6 7. f3 Bg7 8. Qd2
O-O 9. Bc4 Bd7 10. O-O-O a6 11. g4 Ne5 12. Bb3 b5 13. h4 a5 14. Bh6 a4 15. Bxg7
axb3 16. Bxf8 bxa2 17. Nxa2 Rxa2 18. Kb1 Rxb2+ 19. Kxb2 Nc4+ 20. Kc1 Nxd2 21.
Kxd2 Kxf8 22. Ra1 Qb6 23. c3 b4 24. Rhb1 bxc3+ 25. Kxc3 Qc5+ 26. Kd3 e5 27. Ne2
Bb5+ 28. Kd2 Qc4 29. Ng1 Qd4+ 30. Kc2 Bd3+ 31. Kb3 Bxb1 32. Rxb1 Nd7 33. Ka2
Qa4+ 34. Kb2 Nc5 0-1